00313nam a2200145Ia 45000030006000000080041000060400015000471000017000622450016000792500006000952600029001013000006001305460014001360050017001500STCL150530s9999 xx 000 0 und d aSTCLcSTCL aIbsen Henrik aPaava Veedu a3 bDC Books; Kottayamc2008 a0 aMalayalam20220125170758.0